Shaping the future of South Africa's youth : rethinking post-school education and skills training (Record no. 152679)

MARC details
000 -LEADER
fixed length control field 00348nam a2200097Ia 4500
082 ## - DEWEY DECIMAL CLASSIFICATION NUMBER
Classification number 375.001|PERO
008 - FIXED-LENGTH DATA ELEMENTS--GENERAL INFORMATION
fixed length control field 210817s9999 xx 000 0 und d
100 ## - MAIN ENTRY--PERSONAL NAME
Personal name Cloete, Nico Somerset West, South Africa, 2012
9 (RLIN) 46390
245 #0 - TITLE STATEMENT
Title Shaping the future of South Africa's youth : rethinking post-school education and skills training
942 ## - ADDED ENTRY ELEMENTS
item type Books
Holdings
Withdrawn status Lost status Damaged status Not for loan Home library Current library Date acquired Cost, normal purchase price Total Checkouts Barcode Date last seen Price effective from item type
        Emthonjeni PL (MMID-PLEMA-EMTH) Emthonjeni PL (MMID-PLEMA-EMTH) 18.08.2021 180.00   3322810004991 18.08.2021 18.08.2021 Books